El resumen escolar : teoría y práctica /

I tiakina i:
Ngā taipitopito rārangi puna kōrero
Kaituhi matua: Alvarez Angulo, Teodoro (autor)
Ētahi atu kaituhi: Bernárdez, Enrique (prólogo) (prólogo)
Hōputu: Pukapuka
Reo:Pāniora
I whakaputaina: Barcelona, España : Octaedro, 1998, c1998
Rangatū:(Recursos Octaedro ; 26)
Ngā marau:
Ngā Tūtohu: Tāpirihia he Tūtohu
Kāore He Tūtohu, Me noho koe te mea tuatahi ki te tūtohu i tēnei pūkete!

MARC

LEADER 00000nam^a2200000^a^4500
001 000302058
005 20250521000000.0
009 20260310112602.908
020 |a 84-8063-356-5 
037 |a Acervo ITESO - Biblioteca 
041 |a ESP 
082 |a 808. 062  |b ALV 
100 |a Alvarez Angulo, Teodoro  |e (autor) 
245 1 3 |a El resumen escolar :  |b teoría y práctica /  |c T. Alvarez Angulo ; pról. de E. Bernárdez. 
264 4 |a Barcelona, España :  |b Octaedro,  |c 1998, c1998 
300 |a 170 p. 
336 |a texto  |b txt  |2 rdacontenido 
337 |a sin mediación  |b n  |2 rdamedio 
338 |a volumen  |b nc  |2 rdasoporte 
440 1 |a (Recursos Octaedro ;  |v 26) 
649 |a XX 
650 |a Comprensión -  |x Tema Principal 
650 |a Psicología Cognitiva 
650 |a Resumen Documental -  |x Tema Principal 
650 |a Lectura -  |x Metodología 
650 |a Estudio -  |x Método 
650 |a Documentación 
650 |a Comunicación Escrita -  |x Tema Principal 
650 |a Educación 
650 |a Metodología 
700 |a Bernárdez, Enrique  |e (prólogo) 
910 |a Fondo General 
920 |a Impresos - Libros 
930 |a Colección General 
940 |a Literatura 
905 |a 101 
901 |a 0500188105  |b IT1  |c LIT  |i C121863  |u 20250521 
902 |a https://opac.biblio.iteso.mx/vufind/Record/000302058